000 00590nam a2200169 i 4500
001 146817
003 ES-MaACL
005 20230906201700.0
007 t|
008 070918s1982 sp ||||1| spa d
100 1 _aTrincker, Dietrich E. W.
_9111447
245 1 0 _aCeremonia de investidura como Doctor Honoris causa al profesor E.W. Dietrich Trincker
_b: tema: problemas y aspectos actuales de la Neurobiología.
260 _aCádiz :
_bUniversidad,
_c1982.
300 _a46 p. :
_bil. ;
_c24 cm.
710 2 _aUniversidad de Cádiz.
_9171718
852 _aES-MaACL
_j2125-F-20
_bR.104131
999 _c146817
_d146817